<?xml version="1.0" encoding="UTF-8"?>
<record
    xmlns:xsi="http://www.w3.org/2001/XMLSchema-instance"
    xsi:schemaLocation="http://www.loc.gov/MARC21/slim http://www.loc.gov/standards/marcxml/schema/MARC21slim.xsd"
    xmlns="http://www.loc.gov/MARC21/slim">

  <leader>01130nam a22001697a 4500</leader>
  <controlfield tag="005">20220218145937.0</controlfield>
  <controlfield tag="008">220218b           ||||| |||| 00| 0 eng d</controlfield>
  <datafield tag="020" ind1=" " ind2=" ">
    <subfield code="a">9780901787033</subfield>
  </datafield>
  <datafield tag="050" ind1=" " ind2=" ">
    <subfield code="a">DT30 .N45</subfield>
  </datafield>
  <datafield tag="100" ind1=" " ind2=" ">
    <subfield code="9">Nkrumah, Kwame,</subfield>
  </datafield>
  <datafield tag="245" ind1=" " ind2=" ">
    <subfield code="a">Africa must unite. /</subfield>
    <subfield code="c">Kwame Nkrumah </subfield>
  </datafield>
  <datafield tag="260" ind1=" " ind2=" ">
    <subfield code="a">New York, </subfield>
    <subfield code="b">Panaf Books,</subfield>
    <subfield code="c">2007.</subfield>
  </datafield>
  <datafield tag="300" ind1=" " ind2=" ">
    <subfield code="a">xvii, 229 p.</subfield>
    <subfield code="c">21 cm</subfield>
  </datafield>
  <datafield tag="500" ind1=" " ind2=" ">
    <subfield code="a">Includes bibliographical references and index.</subfield>
  </datafield>
  <datafield tag="505" ind1=" " ind2=" ">
    <subfield code="a">Contents:
Introduction -- The African background -- The colonial imprint -- Colonial pattern of economics -- Society under colonialism -- The intellectual vanguard -- Freedom first -- Achieving our sovereignty -- Problems of government -- Bringing unity in Ghana -- Our Ghanaian constitution -- The administrative instrument -- Reconstruction and development -- Towards economic independence -- Building socialism in Ghana -- Towards African unity -- Some attempts at unification -- Economic and political integration: Africa's need -- Neo-colonialism in Africa -- Africa in world affairs -- Examples of major unions of states -- Continental government for Africa.</subfield>
  </datafield>
  <datafield tag="942" ind1=" " ind2=" ">
    <subfield code="2">lcc</subfield>
    <subfield code="c">BK</subfield>
  </datafield>
  <datafield tag="999" ind1=" " ind2=" ">
    <subfield code="c">8728</subfield>
    <subfield code="d">16228</subfield>
  </datafield>
  <datafield tag="952" ind1=" " ind2=" ">
    <subfield code="0">0</subfield>
    <subfield code="1">0</subfield>
    <subfield code="2">lcc</subfield>
    <subfield code="4">0</subfield>
    <subfield code="7">0</subfield>
    <subfield code="a">WIUC-1</subfield>
    <subfield code="b">WIUC-1</subfield>
    <subfield code="c">REF</subfield>
    <subfield code="d">2022-02-18</subfield>
    <subfield code="l">0</subfield>
    <subfield code="o">DT30 .N45</subfield>
    <subfield code="p">9026/427/22</subfield>
    <subfield code="r">2022-02-18 00:00:00</subfield>
    <subfield code="w">2022-02-18</subfield>
    <subfield code="y">BK</subfield>
  </datafield>
</record>
